00686 2200253 4500001002100000005001500021035002000036008004100056245003800097100001900135260005100154300001300205020002200218084001600240082000800256650002300264990001900287990002100306990002100327990002100348990002100369990002100390990002100411INLIS00000000000108020240822094633 a0010-0724001080240822 0 ind 1 aSwadidik Fisika /cJim Breithaupt aBreithaupt Jim aBandung :bPakar Raya, Pakarnya Pustaka,c2010 a310 hlm. a978-979-534-706-4 a519.5 BRE s a519 4aMatematika Terapan aP29/CP/24/1080 aP29/CP/24/1080.2 aP29/CP/24/1080.3 aP29/CP/24/1080.4 aP29/CP/24/1080.5 aP29/CP/24/1080.6 aP29/CP/24/1080.7